| Record ID | ia:tolighthouse00wool_0 |
| Source | Internet Archive |
| Download MARC XML | https://archive.org/download/tolighthouse00wool_0/tolighthouse00wool_0_marc.xml |
| Download MARC binary | https://www.archive.org/download/tolighthouse00wool_0/tolighthouse00wool_0_meta.mrc |
LEADER: 01214cam a2200349 a 4500
001 89026838
003 DLC
005 20091223093401.0
008 891120s1990 cau 000 1 eng
010 $a 89026838
020 $a0151907374 :$c$15.95
040 $aDLC$cDLC$dDLC$dOCoLC$dDLC
043 $ae-uk-en
050 00 $aPR6045.O72$bT6 1990
082 00 $a823/.912$220
100 1 $aWoolf, Virginia,$d1882-1941.
245 10 $aTo the lighthouse /$cVirginia Woolf.
260 $aSan Diego :$bHarcourt Brace Jovanovich,$c1990.
300 $a236 p. ;$c22 cm.
440 3 $aAn HBJ modern classic
651 0 $aSkye, Island of (Scotland)$vFiction.
650 0 $aEnglish$zScotland$vFiction.
650 0 $aLoss (Psychology)$vFiction.
650 0 $aMothers$xDeath$vFiction.
650 0 $aSummer resorts$vFiction.
650 0 $aMarried people$vFiction.
650 0 $aLighthouses$vFiction.
650 0 $aWidowers$vFiction.
655 7 $aPsychological fiction.$2lcsh
655 7 $aDomestic fiction.$2lcsh
856 42 $3Publisher description$uhttp://www.loc.gov/catdir/description/har031/89026838.html
856 42 $3Contributor biographical information$uhttp://www.loc.gov/catdir/enhancements/fy1003/89026838-b.html